Top 300 biggest cities in Greece - Statistics

General Stats
  • This quiz has been taken 119 times
  • The average score is 103 of 300
Answer Stats
position/ population Answer % Correct
1) 3.2M Athens
97%
2) 789K Thessaloniki
96%
4) 153K Heraklion
90%
15) 54K Kalamata
88%
3) 168K Patras
88%
17) 53K Chania
87%
5) 144K Larissa
87%
6) 118K Volos
87%
20) 49K Rhodes
86%
35) 24K Corfu
84%
7) 65K Ioannina
83%
16) 54K Kavala
80%
10) 58K Serres
80%
8) 61K Trikala
80%
12) 56K Xanthi
80%
73) 11K Agios Nikolaos
78%
246) 3K Agios Nikolaos Liliantion
78%
11) 57K Alexandroupoli
78%
63) 14K Nafplio
78%
9) 59K Chalkida
77%
19) 50K Komotini
77%
18) 52K Lamia
77%
36) 24K Pyrgos
77%
27) 30K Tripoli
77%
40) 22K Argos
75%
21) 44K Drama
75%
25) 32K Rethymno
75%
49) 18K Sparta
75%
83) 9K Zante
75%
102) 8K Samos
74%
28) 30K Corinthos
72%
13) 55K Katerini
72%
38) 22K Kilkis
72%
14) 55K Agrinio
71%
41) 21K Arta
71%
32) 26K Chios
71%
95) 9K Igoumenitsa
71%
65) 13K Kastoria
71%
46) 19K Kos
71%
39) 22K Thebes
71%
22) 43K Veria
71%
24) 38K Karditsa
70%
99) 8K Lefkada
70%
48) 19K Preveza
70%
23) 41K Kozani
68%
43) 21K Livadeia
67%
67) 12K Messolonghi
67%
31) 27K Mytilene
67%
53) 18K Edessa
64%
54) 17K Florina
62%
223) 3K Mykonos
62%
51) 18K Orestiada
62%
34) 24K Elefsina
61%
45) 20K Aigio
59%
55) 16K Amaliada
59%
66) 13K Grevena
59%
69) 12K Ierapetra
59%
37) 23K Megara
59%
50) 18K Naousa
59%
119) 7K Naxos
59%
89) 9K Sitia
59%
178) 4K Skiathos
59%
71) 12K Rafina
58%
122) 6K Amfissa
57%
30) 29K Giannitsa
57%
47) 19K Koropi
57%
64) 13K Nafpaktos
57%
26) 32K Ptolemaida
57%
91) 9K Farsala
55%
116) 7K Karpenisi
55%
33) 25K Salamina
55%
74) 11K Ermoupoli
54%
118) 7K Lavrio
54%
84) 9K Argostoli
52%
42) 21K Artemida
52%
101) 8K Kalampaka
51%
72) 11K Loutraki
51%
140) 6K Messini
51%
93) 9K Didymoteicho
49%
86) 9K Markopoulo
48%
162) 5K Rio
48%
94) 9K Spata
48%
183) 4K Tinos
48%
263) 3K Agia Larisas
46%
60) 14K Alexandreia
46%
137) 6K Polygyros
46%
219) 3K Soufli
46%
77) 11K Tirnavos
46%
59) 15K Nea Makri
45%
57) 16K Thermi
45%
103) 7K Almyros
43%
100) 8K Nea Peramos
43%
240) 3K Nea Peramos Kavalas
43%
276) 3K Skopelos
43%
97) 8K Chrysoupoli
42%
117) 7K Marathonas
42%
44) 20K Oraiokastro
42%
232) 3K Poros
42%
221) 3K Amfilochia
41%
296) 2K Fyli
41%
81) 9K Kiato
41%
111) 7K Elassona
39%
56) 16K Pallini
39%
199) 4K Gytheio
38%
70) 12K Kalymnos
38%
125) 6K Kato Achaia
38%
58) 15K Vari
38%
96) 8K Epanomi
36%
194) 4K Itea
36%
62) 14K Kalyvia Thorikou
36%
108) 7K Keratea
36%
90) 9K Nea Moudania
36%
146) 5K Palamas
36%
85) 9K Porto Rafti
36%
144) 5K Psachna
36%
167) 5K Sidirokastro
36%
202) 4K Vouliagmeni
36%
79) 9K Agios Stefanos
35%
135) 6K Anavyssos
35%
127) 6K Aridaia
35%
106) 7K Lagkadas
35%
87) 9K Nea Artaki
35%
61) 14K Paiania
35%
204) 4K Aiginio
33%
269) 3K Kallithea Pierias
33%
121) 6K Litochoro
33%
182) 4K Aliveri
32%
115) 7K | 172) 5K Drosia
32%
29) 29K Gerakas
32%
236) 3K Goumenissa
32%
76) 11K Mandra
32%
218) 3K Nemea
32%
152) 5K Xylokastro
32%
251) 3K Kapandriti
30%
227) 3K Leptokarya
30%
52) 18K Peraia
30%
120) 7K Polikastro
30%
149) 5K Dionysos
29%
145) 5K Megalopoli
29%
130) 6K Moires
29%
124) 6K Neo Karlovasi
29%
252) 3K Sapes
29%
92) 9K Sindos
29%
161) 5K Tympaki
29%
285) 3K Velestino
29%
229) 3K Amintaio
28%
128) 6K Anoixi
28%
275) 3K chalkidona Thessalonikis
28%
109) 7K Gastouni
28%
68) 12K Gazi
28%
78) 11K Glyka Nera
28%
75) 11K Ialysos
26%
282) 3K Maniaki
26%
113) 7K Nea Kallikratia
26%
181) 4K Penteli
26%
299) 2K Saronida
26%
177) 4K Stilyda
26%
123) 6K Aegina
25%
175) 4K Agios Athanasios
25%
266) 3K Agios Athanasios Dramas
25%
165) 5K Agria
25%
112) 7K Chalastra
25%
80) 9K Diavata
25%
201) 4K Kissamos
25%
171) 5K Kryoneri
25%
169) 5K Kyparissia
25%
260) 3K Malia
25%
277) 3K Neapoli Lakonias
25%
134) 6K Ovrya
25%
187) 4K Vonitsa
25%
189) 4K Agioi Theodoroi
23%
208) 4K Aitoliko
23%
129) 6K Asvestochori
23%
147) 5K Avlonas
23%
203) 4K Eretria
23%
155) 5K Feres
23%
281) 3K Gefyra Thessalonikis
23%
243) 3K Korinos
23%
104) 7K Koufalia
23%
184) 4K Magoula
23%
136) 6K Thrakomakedones
23%
114) 7K Trilofos
23%
174) 4K Atalanti
22%
230) 3K Drymos
22%
244) 3K Eleousa
22%
264) 3K Galatas Chanion
22%
105) 7K Giannouli
22%
188) 4K Kalochori
22%
247) 3K Kardia Thessalonikis
22%
170) 5K Karystos
22%
215) 3K Katsikas
22%
205) 4K Kitsi
22%
217) 3K Nea Raidestos
22%
300) 2K Oinofyta
22%
156) 5K Skydra
22%
192) 4K Aliartos
20%
142) 5K Filiatra
20%
254) 3K Liti
20%
284) 3K Nea Mesimvria
20%
132) 6K Paralia Achaias
20%
280) 3K Skala Lakonias
20%
210) 4K Spetses
20%
250) 3K Velventos
20%
191) 4K Agia Marina Koropiou
19%
82) 9K Anatoli
19%
209) 4K Kranidi
19%
238) 3K Lagyna
19%
226) 3K Lixouri
19%
200) 4K Nea Magnisia
19%
163) 5K Orchomenos
19%
157) 5K Plagiari
19%
274) 3K Sochos
19%
150) 5K Sofades
19%
88) 9K Zefyri
19%
138) 6K Ampelonas
17%
110) 7K Argos Orestiko
17%
198) 4K Arkalochori
17%
262) 3K Kardamitsia
17%
297) 2K Lefkimmi
17%
98) 8K Nea Mixaniona
17%
176) 4K Nigrita
17%
153) 5K Filyro
16%
295) 2K Konitsa
16%
148) 5K Myrina
16%
141) 5K Neoi Epivates
16%
294) 2K Neo risio
16%
131) 6K Souda
16%
179) 4K Xortiatis
16%
268) 3K Zacharo
16%
286) 3K Agia Triada Thessalonikis
14%
245) 3K Chora Messinias
14%
283) 3K Drafi
14%
211) 3K Falanni
14%
190) 4K Filippiada
14%
231) 3K Kymina
14%
298) 2K Panetolio
14%
154) 5K Siatista
14%
224) 3K Vasilika Thessalonikis
14%
253) 3K Vrachati
14%
242) 3K Deskati
13%
173) 5K Gargalianoi
13%
225) 3K Leonidio
13%
193) 4K Zevgolateio
13%
222) 3K Iraklia Serron
12%
196) 4K Istiaia
12%
168) 5K Nea Anchialos
12%
197) 4K Paroikia
12%
287) 3K Amfiklia
10%
256) 3K Ierissos
10%
291) 2K Krokos Kozanis
10%
293) 2K Limenas Chersonisou
10%
270) 3K Meliki Imathias
10%
288) 2K Plomari
10%
214) 3K Archanes
9%
164) 5K Krya Vrysi
9%
258) 3K Limenas Thasou
9%
220) 3K Malesina
9%
107) 7K Mournies
9%
265) 3K Neos Marmaras
9%
273) 3K Velos Korinthias
9%
233) 3K Amarynthos
7%
195) 4K Eleutheroupoli
7%
272) 3K Kalampaki
7%
239) 3K Prosotsani
7%
207) 4K Sximatari
7%
126) 6K Vasiliko
7%
160) 5K Vrontados
7%
186) 4K Ampelakia
6%
158) 5K Archangelos
6%
206) 4K Kanalia corfu
6%
271) 3K Paralia Vatheos Avlidas
6%
289) 2K Servia
6%
267) 3K Alepou Corfu
4%
213) 3K Andravida
4%
292) 2K Exochi Ioannina
4%
255) 3K Melissochori Thessalonikis
4%
216) 3K Nikaia Larisas
4%
228) 3K Stavros Thessalonikis
4%
234) 3K Kimmeria
3%
279) 3K Nea Triglia
3%
237) 3K Vartholomio
3%
248) 3K Aria
1%
278) 3K Chloi Kastorias
1%
180) 4K Eantio Salaminas
1%
133) 6K Kounoupidiana
1%
159) 5K Kremasti
1%
249) 3K Krinides
1%
143) 5K Leontari
1%
166) 5K Makrochori
1%
151) 5K Nerokouros
1%
212) 3K Perivolia Kidonias
1%
259) 3K Zipari Ko
1%
139) 6K Afantou
0%
185) 4K Daratsos Chanion
0%
261) 3K Koskinou
0%
290) 2K Ormylia
0%
235) 3K Pastida Rodou
0%
241) 3K Roditsa
0%
257) 3K Vagia
0%
No matching quizzes found
Score Distribution
Percent of People with Each Score
Percentile by Number Answered
Your Score History
You have not taken this quiz